Language Quiz

Random Language or Spanish Quiz

A Level Spanish Unit 8.2 Quiz Stats

 Plays Quiz not verified by Sporcle

Score 0/31 Timer 10:00
0 Plays Today
Hint Answer % Correct
neighbourhoodel barrio
88.9%
to fleehuir
77.8%
to vouch fordar fe
55.6%
to be enough too...dar para
55.6%
insalubriousinsalubre
55.6%
to be foreignser de fuera
55.6%
to have hopetener esperanza
55.6%
worn outgastado
44.4%
to arrive in a dinghyllegar en patera
44.4%
supplyel suministro
44.4%
landlord/landladyel arrendor
33.3%
to act as a guarantoravalar
33.3%
to end upir a parar a
33.3%
to work in turnsir por turnos
33.3%
to have the right to tener derecho a
33.3%
respectable dwellinguna vivienda digna
33.3%
Hint Answer % Correct
to be an effortcostar esfuerzo
22.2%
depositla fianza
22.2%
overcrowdingel hacinamiento
22.2%
tenantel inquilino
22.2%
to move housecambiar de casa
11.1%
to remove the adquitar el anuncio
11.1%
physical featureel rasgo físico
11.1%
disgracefuldeplorable
0%
attirela indumentaria
0%
to make the differencemarcar la diferencia
0%
destitute personla persona indigente
0%
energy povertyla pobreza energética
0%
to make one's situation legalregularizar su situación
0%
illegal personun 'sin papeles'
0%
to usually do somethingsoler hacer algo
0%

You're not logged in!

Compare scores with friends on all Sporcle quizzes.
OR
Log In

Sporcle TV

Today on Sporcle TV


Watch our educational content, quiz creation guides, and fun videos on Sporcle TV.

Show Comments

Extras

Created Sep 27, 2019ReportNominate
Tags:Spanish Quiz, level, unit

Top Quizzes Today


Score Distribution

Your Account Isn't Verified!

In order to create a playlist on Sporcle, you need to verify the email address you used during registration. Go to your Sporcle Settings to finish the process.

Report this User

Report this user for behavior that violates our Community Guidelines.

Details: